000 00477nam a2200169 i 4500
001 149547
003 ES-MaACL
005 20230906203141.0
007 t|
008 071023s1935 sp ||||1| spa d
100 1 _aVarga, Evgueniï Samoïlovich.
_9113186
245 1 3 _aLa crisis y sus consecuencias políticas /
_cE. Varga.
250 _a2ª ed.
260 _aBarcelona :
_bEdiciones Europa-América,
_c[1935]
300 _a305 p. ;
_c19 cm.
852 _aES-MaACL
_jA-3916
999 _c149547
_d149547